Việt Nam và cội nguồn trăm họ /
Zapisane w:
| 1. autor: | |
|---|---|
| Format: | Sách giấy |
| Język: | Vietnamese |
| Wydane: |
H. :
Khoa học Xã hội,
2001.
|
| Hasła przedmiotowe: | |
| Etykiety: |
Dodaj etykietę
Nie ma etykietki, Dołącz pierwszą etykiete!
|
| Thư viện lưu trữ: | Thư viện Trường Đại học Đà Lạt |
|---|
| LEADER | 00744nam a2200301 4500 | ||
|---|---|---|---|
| 001 | DLU120136100 | ||
| 005 | ##20120606 | ||
| 008 | ##021230t vn z000 vie d | ||
| 040 | # | # | |a DLU |b vie |
| 041 | # | # | |a vie |
| 044 | # | # | |a vn |
| 082 | # | # | |a 959.702 1 |b BU-N |
| 100 | # | # | |a Bùi Văn Nguyên. |
| 245 | # | # | |a Việt Nam và cội nguồn trăm họ / |c Bùi Văn Nguyên. |
| 260 | # | # | |a H. : |b Khoa học Xã hội, |c 2001. |
| 300 | # | # | |a 294 tr. ; |c 20 cm. |
| 651 | # | # | |a Việt Nam |x Lịch sử. |
| 923 | # | # | |a 01/2012DP |
| 991 | # | # | |a SH |
| 992 | # | # | |a 29000 |
| 994 | # | # | |a KDP |
| 900 | # | # | |a True |
| 911 | # | # | |a Đào Thị Thu Huyền |
| 925 | # | # | |a G |
| 926 | # | # | |a A |
| 927 | # | # | |a SH |
| 980 | # | # | |a Thư viện Trường Đại học Đà Lạt |